Dancing in the Dark - Lyrics - Bruce Springsteen - Statistics

General Stats
  • This quiz has been taken 518 times
  • The average score is 25 of 31
Answer Stats
Answer % Correct
Even if we're just {dancing} in the dark
99%
You can't start a {fire}
99%
And I ain't got {nothing} to say
97%
I go to bed feeling the same {way}
97%
You can't start a fire without a {spark}
97%
I check my look in the {mirror}
96%
I get up in the {evening}
96%
I wanna change my clothes, my {hair}, my face
93%
I ain't nothing but {tired}
92%
This {gun}'s for hire
92%
Hey there {baby}, I could use just a little help
88%
I come {home} in the morning
88%
Man I'm just tired and {bored} with myself
87%
Stay on the streets of this {town}
83%
Come on now baby gimme just one {look}
82%
Message just keeps getting {clearer}
82%
There's something happening {somewhere}
82%
You sit around getting {older}
82%
I'm dying for some {action}
81%
I'll shake this world off my {shoulders}
80%
I'm sick of sitting 'round here trying to {write} this book
79%
I need a love {reaction}
79%
They say you {gotta} stay hungry
79%
Man I ain't getting {nowhere}
77%
Hey baby I'm just about starving {tonight}
72%
Radio's on and I'm {moving} 'round the place
70%
I'm just living in a {dump} like this
68%
There's a {joke} here somewhere and it's on me
65%
Baby I just know that {there} is
56%
Come on baby this {laugh}'s on me
56%
And they'll be {carving} you up alright
54%
No matching quizzes found
Score Distribution
Percent of People with Each Score
Percentile by Number Answered
Your Score History
You have not taken this quiz